Strategy (Record no. 542674)

000 -LEADER
fixed length control field 00741cam a2200205 a 4500
020 ## - INTERNATIONAL STANDARD BOOK NUMBER
International Standard Book Number 7208092028
020 ## - INTERNATIONAL STANDARD BOOK NUMBER
International Standard Book Number 9787208092020
082 04 - DEWEY DECIMAL CLASSIFICATION NUMBER
Classification number 355.43
Author Mark HAR
-- L-30 P-17
100 1# - MAIN ENTRY--PERSONAL NAME
Personal name Liddell Hart, Basil Henry,
9 (RLIN) 37937
245 10 - TITLE STATEMENT
Title Strategy
Remainder of title The indirect Approcah
Statement of responsibility, etc. Strategy : the indirect approach / Basil H. Liddell Hart.
250 ## - EDITION STATEMENT
Edition statement Di 1 ban.
260 ## - PUBLICATION, DISTRIBUTION, ETC.
Place of publication, distribution, etc. Shanghai
Name of publisher, distributor, etc. Shanghai ren min chu ban she,
Date of publication, distribution, etc. 1972
300 ## - PHYSICAL DESCRIPTION
Extent 2, 5, 327 p. :
Other physical details ill., Maps ;
Dimensions 25 cm.
500 ## - GENERAL NOTE
General note Translation of : Strategy : the indirect approach / by B. H. Liddell Hart. New York : Praeger, [1967]
526 ## - STUDY PROGRAM INFORMATION NOTE
Program name 0
Interest level 0
Reading level 0
Title point value 355_430000000000000_HAR
650 #0 - SUBJECT ADDED ENTRY--TOPICAL TERM
Topical term or geographic name entry element MCE
9 (RLIN) 379
650 #0 - SUBJECT ADDED ENTRY--TOPICAL TERM
Topical term or geographic name entry element Military history.
9 (RLIN) 1735
650 #0 - SUBJECT ADDED ENTRY--TOPICAL TERM
Topical term or geographic name entry element Strategy.
9 (RLIN) 37938
942 ## - ADDED ENTRY ELEMENTS (KOHA)
Source of classification or shelving scheme
Koha item type Book
Holdings
Withdrawn status Lost status Source of classification or shelving scheme Damaged status Not for loan Permanent Location Current Location Date acquired Total Checkouts Full call number Barcode Date last seen Date last checked out Price effective from Koha item type
          Military College of Engineering (MCE) Military College of Engineering (MCE) 02/11/2014 3 355.43 HAR MCE-3869 12/17/2019 12/11/2019 03/14/2021 Book
© 2023 Central Library, National University of Sciences and Technology. All Rights Reserved.